REREADING America cultural contexts for critical thinking and writing
Kaydedildi:
| Materyal Türü: | Kitap |
|---|---|
| Dil: | İngilizce |
| Baskı/Yayın Bilgisi: |
Bedford Books of St. Martin's Press
1995
|
| Etiketler: |
Etiketle
Etiket eklenmemiş, İlk siz ekleyin!
|
MARC
| LEADER | 00000nam a22000007a 4500 | ||
|---|---|---|---|
| 008 | 211115b ||||| |||| 00| 0 eng d | ||
| 020 | |a 0312101392 | ||
| 245 | |a REREADING America |b cultural contexts for critical thinking and writing |c edited by Gary Colombo, Robert Cullen [and]Bonnie Lisle |g xxiv,768p.:ill. | ||
| 250 | |c COLLOMBO, Gary, LISLE, Bonnie, CULLEN, Robert | ||
| 260 | |b Bedford Books of St. Martin's Press |c 1995 |h Boston |i 659474 |l PE1127.H5R31 |m Readers--United States |m English language--Rhetoric--Problems, exercises etc. |m Critical thinking--Problems, exercises etc. |m Report writing--Problems, exercises etc. |m College readers |m United States--Civilization--Problems, exercises etc. | ||
| 500 | |a It includes index and references | ||
| 942 | |a lcc |c BK |e Kuteyi, M. A. |f 15/11/2021 | ||
| 952 | |0 0 |1 0 |2 lcc |4 0 |6 PE1127 H5 R31 |7 0 |9 3878 |a HOL |b HOL |c LP |d 2021-11-15 |l 0 |o PE1127.H5R31 |p 2021-67603 |r 2021-11-15 00:00:00 |w 2021-11-15 |y BK | ||
| 999 | |c 1931 |d 1931 | ||